Bài tập lí thuyết xác suất

Trình bày lí thuyết và một số bài tập về mô hình xác xuất rời rạc, không gian xác xuất tổng quát, biến ngẫu nhiên và hàm phân phối, các số đặc trưng của biến ngẫu nhiên, hàm đặc trưng

Spremljeno u:
Bibliografski detalji
Glavni autor: Vũ Viết Yên
Format: Knjiga
Jezik:Vietnamese
Izdano: H. Đại học Sư phạm 2006
Teme:
Oznake: Dodaj oznaku
Bez oznaka, Budi prvi tko označuje ovaj zapis!
Thư viện lưu trữ: Mạng thư viện Đại học Đà Nẵng
LEADER 01367aam a22003498a 4500
001 000013140
003 9477
005 20120604080658.0
008 120309s2006 viesd
020 |c 23000đ  |d 500b 
041 0 0 |a vie 
082 1 4 |2 14  |a 519.076  |b VU-Y 
100 1 |a Vũ Viết Yên 
245 1 0 |a Bài tập lí thuyết xác suất  |c Vũ Viết Yên 
260 |a H.  |b Đại học Sư phạm  |c 2006 
300 |a 227tr.  |c 20cm 
504 |a Thư mục: tr. 226 - 227 
520 |a Trình bày lí thuyết và một số bài tập về mô hình xác xuất rời rạc, không gian xác xuất tổng quát, biến ngẫu nhiên và hàm phân phối, các số đặc trưng của biến ngẫu nhiên, hàm đặc trưng 
650 7 |2 Bộ TK TVQG  |a Toán 
650 7 |2 Bộ TK TVQG  |a Lí thuyết xác suất 
655 7 |2 Bộ TK TVQG  |a Giáo trình 
910 |a Nguyễn Thị Lê Na 
OWN |a LSP 
AVA |a UDN50  |b LSP  |d 519.076 VU-Y  |e available  |t Error 5001 Not defined in file expand_doc_bib_avail.  |f 5  |g 0  |h N  |i 0  |k 1 
999 |a From the UDN01 
AVA |a UDN50  |b LSP  |d 519.076 VU-Y  |e available  |t Error 5001 Not defined in file expand_doc_bib_avail.  |f 5  |g 0  |h N  |i 0  |k 1 
TYP |a Monograph 
TYP |a Printed language 
980 |a Mạng thư viện Đại học Đà Nẵng